00604nam a22001932 4500001001100000005001700011008004100028020001700069040001500086100002600101245007500127250001300202260003300215300001700248650004000265650004800305650005400353852000300407000001928220151217152151.0101023s xx 000 0 eng d a3540407584 : aKABUcKABU1 aSizun, H.@000017897110aRadio wave propagation for telecommunication applications /cH. Sizun. a1st ed. aNew York :bSpringer,c2005. axxi, 414 p. 0aRadio wave propagation.@0000170158 0aWireless communication systems.@0000151097 0aRadioxTransmitters and transmission.@00001789721